Participación extranjera en las tiendas de autoservicio en México: el efecto de Wal-Mart /
Gardado en:
| Autor Principal: | |
|---|---|
| Outros autores: | |
| Formato: | Texto |
| Materias: | |
| Etiquetas: |
Engadir etiqueta
Sen Etiquetas, Sexa o primeiro en etiquetar este rexistro!
|
MARC
| LEADER | 00000 a a2200000 04500 | ||
|---|---|---|---|
| 001 | 3603 | ||
| 003 | |||
| 040 | |||
| 100 | |a Alvarez Galván, José Luis | ||
| 245 | |a Participación extranjera en las tiendas de autoservicio en México: |b el efecto de Wal-Mart / |c José Luis Alvarez Galván ; Chris Tilly | ||
| 650 | |a INVERSIONES EXTRANJERAS | ||
| 650 | |a EMPLEO | ||
| 650 | |a SUPERMERCADOS | ||
| 650 | |a MEXICO | ||
| 700 | |a Tilly, Chris | ||
| 773 | |g volumen 56, número 11; páginas 945-958 | ||
| 999 | |c 38406 |d 38406 | ||
